[Event "Wiesbaden op 23rd"]
[Site "Wiesbaden"]
[Date "2011.08.26"]
[Round "2"]
[White "Belz, Frank Martin"]
[Black "Tischendorf, Michael"]
[Result "1/2-1/2"]
[WhiteElo "2025"]
[BlackElo "2186"]
[PlyCount "72"]
[EventDate "2011.08.25"]
[EventType "swiss"]
[EventRounds "7"]
[EventCountry "GER"]
[SourceTitle "CBM 144 Extra"]
[Source "ChessBase"]
[SourceDate "2011.10.28"]
[SourceVersion "1"]
[SourceVersionDate "2011.10.28"]
[SourceQuality "1"]

1. Nf3 f5 2. c4 Nf6 3. g3 g6 4. b4 Bg7 5. Bb2 0-0 6. Bg2 d6 7. 0-0 e5 8. d3 Qe8 9. e4 f4 10. Nc3 Nh5 11. Nd2 fxg3 12. fxg3 Be6 13. Nd5 Rxf1+ 14. Qxf1 Qd8 15. Qf2 c6 16. Nc3 Nd7 17. Nb3 Ndf6 18. h3 Qd7 19. Kh2 b6 20. a4 Bh6 21. Bc1 Qg7 22. Be3 Rf8 23. Qd2 Bxe3 24. Qxe3 Qe7 25. b5 c5 26. a5 Nd7 27. axb6 axb6 28. Ra6 Qf6 29. Nd1 g5 30. Nd2 g4 31. h4 Nf4 32. Ra1 Kg7 33. Nc3 h6 34. Rf1 Rf7 35. Ne2 Nxg2 36. Kxg2 Qe7 1/2-1/2

[Event "Wiesbaden op 23rd"]
[Site "Wiesbaden"]
[Date "2011.08.26"]
[Round "3"]
[White "Tischendorf, Michael"]
[Black "Partzsch, Lukas"]
[Result "1/2-1/2"]
[WhiteElo "2186"]
[BlackElo "2034"]
[PlyCount "78"]
[EventDate "2011.08.25"]
[EventType "swiss"]
[EventRounds "7"]
[EventCountry "GER"]
[SourceTitle "CBM 144 Extra"]
[Source "ChessBase"]
[SourceDate "2011.10.28"]
[SourceVersion "1"]
[SourceVersionDate "2011.10.28"]
[SourceQuality "1"]

1. d4 Nf6 2. c4 d6 3. Nf3 Nbd7 4. g3 e5 5. Bg2 Be7 6. 0-0 0-0 7. Nc3 c6 8. Qc2 Re8 9. h3 Bf8 10. e4 Qc7 11. Be3 a6 12. Rac1 b5 13. Nd2 b4 14. Ne2 c5 15. d5 Kh8 16. f4 Ng8 17. f5 f6 18. g4 g5 19. Ng3 h6 20. Nf3 Be7 21. Kf2 Nf8 22. Rh1 Nh7 23. Rh2 Rf8 24. Rch1 Rf7 25. h4 Qd8 26. Nh5 Ra7 27. Qd2 a5 28. Bf1 Bd7 29. Bd3 Be8 30. Kg3 Rf8 31. Nxf6 gxh4+ 32. Nxh4 Bxf6 33. Bxh6 Bxh4+ 34. Rxh4 Nxh6 35. Qxh6 Kg8 36. Qe6+ Bf7 37. Qh6 Be8 38. Qe6+ Bf7 39. Qh6 Be8 1/2-1/2

[Event "Hessenliga 1011"]
[Site "Germany"]
[Date "2010.11.28"]
[Round "3.3"]
[White "Steyer, Bernd"]
[Black "Tischendorf, Michael"]
[Result "1/2-1/2"]
[WhiteElo "2169"]
[BlackElo "2175"]
[PlyCount "29"]
[EventDate "2010.09.26"]
[EventType "team-tourn"]
[EventRounds "9"]
[EventCountry "GER"]
[SourceTitle "EXT 2012"]
[Source "ChessBase"]
[SourceDate "2011.11.24"]
[SourceVersion "1"]
[SourceVersionDate "2011.11.24"]
[SourceQuality "1"]
[WhiteTeam "Eppstein"]
[BlackTeam "Hofheim II"]
[WhiteTeamCountry "GER"]
[BlackTeamCountry "GER"]

1. e4 e6 2. Nf3 d5 3. Nc3 dxe4 4. Nxe4 Bd7 5. d4 Bc6 6. Bd3 Nd7 7. Bg5 Be7 8. Bxe7 Qxe7 9. 0-0 Ngf6 10. Qe2 0-0 11. Rfd1 Rad8 12. a3 Rfe8 13. Ne5 Bxe4 14. Bxe4 Nxe4 15. Qxe4 1/2-1/2

[Event "BL2-West 0910"]
[Site "Germany"]
[Date "2010.01.24"]
[Round "5.8"]
[White "Tischendorf, Michael"]
[Black "Konings, Leon"]
[Result "0-1"]
[WhiteElo "2228"]
[BlackElo "2232"]
[PlyCount "128"]
[EventDate "2009.10.18"]
[EventType "team-tourn"]
[EventRounds "9"]
[EventCountry "GER"]
[SourceTitle "EXT 2011"]
[Source "ChessBase"]
[SourceDate "2010.11.26"]
[SourceVersion "1"]
[SourceVersionDate "2010.11.26"]
[SourceQuality "1"]
[WhiteTeam "Hofheim"]
[BlackTeam "Koeln Porz"]
[WhiteTeamCountry "GER"]
[BlackTeamCountry "GER"]

1. e4 c6 2. d4 d5 3. e5 Bf5 4. Be3 Qb6 5. Qc1 Nd7 6. Nf3 e6 7. Be2 h5 8. Nbd2 h4 9. h3 Ne7 10. c4 a5 11. Qc3 Qc7 12. c5 f6 13. Bf4 Ng6 14. Qe3 Be7 15. Rc1 Kf7 16. 0-0 Nxf4 17. Qxf4 Qb8 18. Rc3 a4 19. Re1 Bd8 20. Bd3 g6 21. Bxf5 gxf5 22. Re2 Nf8 23. Qe3 Rh5 24. Rc1 Ra5 25. Rce1 Rb5 26. b3 axb3 27. Nxb3 Rb4 28. Qf4 Ra4 29. Nxh4 fxe5 30. Rxe5 Bf6 31. Nf3 Ng6 32. Qg3 Bxe5 33. Rxe5 Qd8 34. Re2 Ra8 35. Nc1 Rc8 36. Nd3 Nf8 37. Nde5+ Ke8 38. Qg8 Qf6 39. Nd3 Rc7 40. Qg3 Rg7 41. Qb8+ Qd8 42. Qe5 Qc7 43. Qe3 Rxh3 44. Nf4 Rh6 45. Nxd5 Rxg2+ 46. Kxg2 Qg7+ 47. Ng5 cxd5 48. f4 Qh8 49. Qg3 Rh4 50. Kf1 Rg4 51. Qh2 Qxh2 52. Rxh2 Rxf4+ 53. Ke1 Rxd4 54. Rb2 Rg4 55. Nf3 Re4+ 56. Kf2 Kd7 57. Rxb7+ Kc6 58. Rf7 Nd7 59. Ng5 Rf4+ 60. Ke3 Rg4 61. Nf3 Re4+ 62. Kd2 Nxc5 63. Rf6 Kd6 64. Ng5 Rg4 0-1

[Event "Hessenliga 0910"]
[Site "Germany"]
[Date "2009.10.04"]
[Round "2.2"]
[White "Feldtmann, Thomas"]
[Black "Tischendorf, Michael"]
[Result "1-0"]
[WhiteElo "2271"]
[BlackElo "2228"]
[PlyCount "81"]
[EventDate "2009.09.20"]
[EventType "team-tourn"]
[EventRounds "9"]
[EventCountry "GER"]
[SourceTitle "EXT 2011"]
[Source "ChessBase"]
[SourceDate "2010.11.26"]
[SourceVersion "1"]
[SourceVersionDate "2010.11.26"]
[SourceQuality "1"]
[WhiteTeam "Marburg"]
[BlackTeam "Hofheim II"]
[WhiteTeamCountry "GER"]
[BlackTeamCountry "GER"]

1. e4 e6 2. d3 c5 3. Nf3 Nc6 4. g3 g6 5. Bg2 Bg7 6. 0-0 Nge7 7. Re1 d6 8. c3 e5 9. a3 a5 10. a4 0-0 11. Na3 b6 12. Nb5 Ba6 13. Nd2 Na7 14. Qb3 Nxb5 15. axb5 Bb7 16. Nf3 Qc7 17. d4 h6 18. dxe5 dxe5 19. Nd2 Bc8 20. Bf1 Bd7 21. Bc4 Rae8 22. Nf3 Nc8 23. Nh4 Nd6 24. Nxg6 Nxc4 25. Nxf8 Bxb5 26. Qxb5 Nd6 27. Qd7 Re7 28. Qxc7 Rxc7 29. Ne6 fxe6 30. f3 Rf7 31. Rd1 Nb5 32. Rd8+ Rf8 33. Rxf8+ Kxf8 34. Be3 Ke7 35. Kg2 Nd6 36. b3 Nb5 37. Bd2 Kd6 38. Kh3 Kc6 39. Kg4 c4 40. bxc4 Nd6 41. Ra4 1-0

[Event "Oberliga Ost-B 0809"]
[Site "Germany"]
[Date "2009.03.15"]
[Round "9.6"]
[White "Schreiber, Kurt"]
[Black "Tischendorf, Michael"]
[Result "0-1"]
[WhiteElo "2081"]
[BlackElo "2232"]
[PlyCount "88"]
[EventDate "2008.10.26"]
[EventType "team-tourn"]
[EventRounds "11"]
[EventCountry "GER"]
[SourceTitle "EXT 2010"]
[Source "ChessBase"]
[SourceDate "2010.11.25"]
[SourceVersion "1"]
[SourceVersionDate "2010.11.25"]
[SourceQuality "1"]
[WhiteTeam "Wiesbaden"]
[BlackTeam "Hofheim II"]
[WhiteTeamCountry "GER"]
[BlackTeamCountry "GER"]

1. d4 e6 2. Nf3 Nf6 3. e3 b6 4. Bd3 Bb7 5. Nbd2 c5 6. 0-0 Nc6 7. b3 Be7 8. Bb2 0-0 9. c4 d6 10. Qe2 Qc7 11. Rac1 Rad8 12. Rfd1 h6 13. Bb1 Rfe8 14. Ne4 Nxe4 15. Bxe4 cxd4 16. Bxc6 Qxc6 17. exd4 Qe4 18. Qf1 Qg6 19. d5 e5 20. Re1 f5 21. Qe2 Bf6 22. Qc2 Rc8 23. Qb1 Qh5 24. Rcd1 Re7 25. Rd2 Rf7 26. Rde2 b5 27. Ba3 e4 28. Nd2 Be5 29. Nf1 bxc4 30. bxc4 Rxc4 31. Qb5 Rfc7 32. g3 Rd4 33. Qa5 Rf7 34. Rc2 Bxd5 35. Rc8+ Kh7 36. Qd8 Rd1 37. Qg8+ Kg6 38. Rxd1 Qxd1 39. Rc1 Qd3 40. Bb4 f4 41. Qc8 e3 42. fxe3 fxe3 43. Qg4+ Kh7 44. Re1 Bd4 0-1